Memoria relativa a los resultados obtenidos por la Junta Provincial de Barcelona en el censo general de la población de 1877, llevado a cabo por la Dirección General del Instituto Geográfico y Estadístico
MARC
| LEADER | 00000nam a2200000Ia 4500 | ||
|---|---|---|---|
| 001 | 11686 | ||
| 003 | BGR | ||
| 005 | 20260410113651.0 | ||
| 008 | 160829s1879 xx 000 0 cat d | ||
| 080 | |a RF-14-86 | ||
| 245 | |a Memoria relativa a los resultados obtenidos por la Junta Provincial de Barcelona en el censo general de la población de 1877, llevado a cabo por la Dirección General del Instituto Geográfico y Estadístico | ||
| 260 | |a Barcelona : |b (Imp. Suc. Narciso Ramírez), |c 1879 | ||
| 300 | |a 51 p., 13 f. pleg. ; |c 10 f. pleg. ; |c 26 cm | ||
| 590 | |a Prové de 1407, exp. 105 | ||
| 650 | |a Barcelona (Província) |x Censos |x 1879 |9 47004 | ||
| 710 | 1 | |a Instituto Geográfico y Estadístico (Espanya) |9 71157 |b Dirección General | |
| 856 | 4 | |u https://media.diba.cat/diba/fitxers/arxiu/fulletons/bib_11686_1879_baixa.pdf |y Accés lliure | |
| 856 | 4 | |u https://media.diba.cat/diba/fitxers/arxiu/fulletons/bib_11686_1879_baixa.pdf |y Accés lliure | |
| 900 | |a bib_11686_1879_baixa.pdf | ||
| 901 | |a Arxiu | ||
| 942 | |n 1 |2 udc |c MON | ||
| 952 | |0 0 |1 0 |4 0 |6 RF1486 |7 1 |9 53593 |a Arxiu |b Arxiu |d 2016-12-01 |l 0 |o RF-14-86 |p 11686 |r 2016-12-01 00:00:00 |w 2016-12-01 |y ARXIU | ||
| 999 | |c 57459 |d 57459 | ||